000 00485nam a2200193 a 4500
001 1773825712967
003 YourLibrary
005 20260318145349.0
008 260318s2003##################000#0#eng##
020 _a9780754622963
082 0 4 _a340.11
_bASH
100 1 _aWest, Robin,
_eauthor.
245 1 0 _aRe-imagining Justice :
260 _bAshgate Pub Limited,
_c2003.
300 _a192 pages
650 0 _aLaw.
942 _cENGLISH
040 _aYourLibrary
_beng
_cYourLibrary
999 _c617940
_d617940